00517nam a2200193 a 4500001001300000003000900013005001700022008004100039020000900080082001600089100002500105245003400130260004900164300000900213500003500222505001000257650003100267700002500298nice12345678IN_TiNIC20260116012227.0050524s1977 mica grp 000 0 eng  ac2700a235.47bCHA aChafer, Lewis Sperry aSatan, His Motive and Methods aMichigan bZondervan Publishing House c1977 a144p aincludes index and biblioraphy2 aIndex aGood and Evil-Christianity1 aChafer, Lewis Sperry